<?xml version="1.0" encoding="UTF-8"?>
<collection xmlns="http://www.loc.gov/MARC21/slim">
    <record>
        <controlfield tag="001">63447</controlfield>
        <controlfield tag="005">20171214115133.0</controlfield>
        <datafield tag="024" ind1="8" ind2=" ">
            <subfield code="2">sideral</subfield>
            <subfield code="a">102326</subfield>
        </datafield>
        <datafield tag="037" ind1=" " ind2=" ">
            <subfield code="a">ART-2016-102326</subfield>
        </datafield>
        <datafield tag="041" ind1=" " ind2=" ">
            <subfield code="a">spa</subfield>
        </datafield>
        <datafield tag="100" ind1=" " ind2=" ">
            <subfield code="0">(orcid)0000-0002-4225-2279</subfield>
            <subfield code="a">Navarro Espinach, Germán</subfield>
            <subfield code="u">Universidad de Zaragoza</subfield>
        </datafield>
        <datafield tag="245" ind1=" " ind2=" ">
            <subfield code="a">La seda en Italia y España (siglos XV-XVI). Arte, tecnología y diseño.</subfield>
        </datafield>
        <datafield tag="260" ind1=" " ind2=" ">
            <subfield code="c">2016</subfield>
        </datafield>
        <datafield tag="506" ind1="0" ind2=" ">
            <subfield code="a">Access copy available to the general public</subfield>
            <subfield code="f">Unrestricted</subfield>
        </datafield>
        <datafield tag="520" ind1="3" ind2=" ">
            <subfield code="a">Las imágenes del pasado son valiosas para reconstruir la historia de la tecnología y de los diseños textiles. Estudios realizados en Italia y España sobre el arte de la seda en los siglos XV-XVI constituyen una de las mayores contribuciones en ámbito internacional. Este artículo expone algunos ejemplos significativos de producción artística de la época para obtener informaciones en perspectiva comparada sobre la cultura de la seda en el Mediterráneo occidental. Finalmente, se presenta un estudio en curso sobre el diálogo de civilizaciones textiles entre Europa y América.   

The images of the past are valuable to reconstruct the history of textile technology and design. Studies carried out in Italy and Spain on the art of silk in the 15th-16th centuries are one of the greatest contributions to the international research. This paper analyzes some significant examples of artistic production to obtain information in comparative perspective about the silk culture of the Western Mediterranean. Finally, a work in process on the dialogue of textile civilizations between Europe and America is considered.</subfield>
        </datafield>
        <datafield tag="536" ind1=" " ind2=" ">
            <subfield code="9">info:eu-repo/grantAgreement/ES/MICINN/HAR2011-28861</subfield>
        </datafield>
        <datafield tag="540" ind1=" " ind2=" ">
            <subfield code="9">info:eu-repo/semantics/openAccess</subfield>
            <subfield code="a">by</subfield>
            <subfield code="u">http://creativecommons.org/licenses/by/3.0/es/</subfield>
        </datafield>
        <datafield tag="655" ind1=" " ind2="4">
            <subfield code="a">info:eu-repo/semantics/article</subfield>
            <subfield code="v">info:eu-repo/semantics/publishedVersion</subfield>
        </datafield>
        <datafield tag="710" ind1="2" ind2=" ">
            <subfield code="1">3008</subfield>
            <subfield code="2">485</subfield>
            <subfield code="a">Universidad de Zaragoza</subfield>
            <subfield code="b">Departamento de Historia Medieval,Ciencias y Técnicas Historiográficas y Estudios Árabes e Islámicos</subfield>
            <subfield code="c">Historia Medieval</subfield>
        </datafield>
        <datafield tag="773" ind1=" " ind2=" ">
            <subfield code="g">10 (2016), 71-91</subfield>
            <subfield code="p">Rev. Diálogos Mediterr.</subfield>
            <subfield code="t">Revista Diálogos Mediterrânicos</subfield>
            <subfield code="x">2237-6585</subfield>
        </datafield>
        <datafield tag="856" ind1="4" ind2=" ">
            <subfield code="s">3851759</subfield>
            <subfield code="u">http://zaguan.unizar.es/record/63447/files/texto_completo.pdf</subfield>
            <subfield code="y">Versión publicada</subfield>
        </datafield>
        <datafield tag="856" ind1="4" ind2=" ">
            <subfield code="s">90530</subfield>
            <subfield code="u">http://zaguan.unizar.es/record/63447/files/texto_completo.jpg?subformat=icon</subfield>
            <subfield code="x">icon</subfield>
            <subfield code="y">Versión publicada</subfield>
        </datafield>
        <datafield tag="909" ind1="C" ind2="O">
            <subfield code="o">oai:zaguan.unizar.es:63447</subfield>
            <subfield code="p">articulos</subfield>
            <subfield code="p">driver</subfield>
        </datafield>
        <datafield tag="951" ind1=" " ind2=" ">
            <subfield code="a">2017-12-13-11:51:34</subfield>
        </datafield>
        <datafield tag="980" ind1=" " ind2=" ">
            <subfield code="a">ARTICLE</subfield>
        </datafield>
    </record>

    
</collection>